LEADER 00779nam0-22002891i-450- 001 990006470910403321 005 20001010 035 $a000647091 035 $aFED01000647091 035 $a(Aleph)000647091FED01 035 $a000647091 100 $a20001010d--------km-y0itay50------ba 101 0 $aita 105 $ay-------001yy 200 1 $aZimbabwe Rhodesia's Ancient Greatness$fA.J. Bruwer 210 $aJohannesburg$cKeartland$d1965. 215 $aXXVIII, 152 p.$d22 cm 676 $a968.91 700 1$aBruwer,$bA.J.$0243035 801 0$aIT$bUNINA$gRICA$2UNIMARC 901 $aBK 912 $a990006470910403321 952 $aXIV E 1162$b13757$fFSPBC 959 $aFSPBC 996 $aZimbabwe Rhodesia's Ancient Greatness$9651780 997 $aUNINA DB $aGEN01 LEADER 01178nam--2200361---450- 001 990006120920203316 005 20160204125246.0 010 $a978-88-8262-150-6 035 $a000612092 035 $aUSA01000612092 035 $a(ALEPH)000612092USA01 035 $a000612092 100 $a20160204d2009----km-y0itay50------ba 101 0 $aita 102 $aIT 105 $ay|||||||001yy 200 1 $aQuem tu probe meministi$estudi e interventi in memoria di Gianrenzo P. Clivio$eatti dell'Incontro di studi$eTorino, Archivio di Stato, 15-16 febbraio 2008$fa cura di Albina Malerba 210 $aTorino$cCentro studi piemontesi$d2009 215 $a305 p.$d24 cm 600 1$aClivio,$bGianrenzo P.$2BNCF 606 0 $aDialetti piemontesi$xScritti in onore$2BNCF 676 $a457.1 702 1$aMALERBA,$bAlbina 702 1$aCLIVIO,$bGianrenzo P. 801 0$aIT$bsalbc$gISBD 912 $a990006120920203316 951 $aIV.2. 2666$b10201 L.G.$cIV.2.$d385224 959 $aBK 969 $aUMA 979 $aANNAMARIA$b90$c20160204$lUSA01$h1251 979 $aANNAMARIA$b90$c20160204$lUSA01$h1252 996 $aQuem tu probe meministi$91384672 997 $aUNISA